logo

Bir Sreshtho Munshi Abdur Rouf Library
Jhenaidah Cadet College

Methods for science masters / (Record no. 549)

MARC details
000 -LEADER
fixed length control field 00565nam a2200241 a 4500
001 - CONTROL NUMBER
JCCL Control Number 549
003 - CONTROL NUMBER IDENTIFIER
JCCL marc code BD-JhCC
005 - DATE AND TIME OF LATEST TRANSACTION
control field 20180102091829.0
008 - FIXED-LENGTH DATA ELEMENTS--GENERAL INFORMATION
fixed length control field 171007s1956 us |||| ||a| 000 0 eng d
035 ## - SYSTEM CONTROL NUMBER
system control number (BD-JhCC) 549
040 ## - CATALOGING SOURCE
Original cataloging agency BD-JhCC
Modifying agency BD-JhCC
041 ## - LANGUAGE CODE
Language code of Book eng
082 ## - DEWEY DECIMAL CLASSIFICATION NUMBER
Classification number 507.2
Author mark and Year OWE 1956
100 ## - MAIN ENTRY--PERSONAL NAME
Personal name Owen, C.B
245 ## - TITLE STATEMENT
Title Methods for science masters /
Statement of responsibility, etc C. B. Owen
260 ## - PUBLICATION, DISTRIBUTION, ETC. (IMPRINT)
Place of publication, distribution, etc U.K:
300 ## - PHYSICAL DESCRIPTION
Pagination 165 P.:
Dimensions 22 CM.
504 ## - BIBLIOGRAPHY, ETC. NOTE
Bibliography, etc Includes Bibliography
600 ## - SUBJECT ADDED ENTRY--PERSONAL NAME
Personal name Science
651 ## - SUBJECT ADDED ENTRY--GEOGRAPHIC NAME
Geographic name U.K
942 ## - ADDED ENTRY ELEMENTS (KOHA)
Source of classification or shelving scheme Dewey Decimal Classification
Koha item type Books
Holdings
Source of classification or shelving scheme Damaged status Not for loan Home library Current library Shelving location Date of accession Total Checkouts Full call number Barcode Date last seen Copy number Koha item type
Dewey Decimal Classification     JCC Rouf Library JCC Rouf Library General Stacks 10/07/2017   507.2 OWE 1956 810 10/07/2017 C-1 Books
Dewey Decimal Classification     JCC Rouf Library JCC Rouf Library General Stacks 01/01/2018   507.2 OWE 1956 8570 01/02/2018 C-2 Books

JCC Library | Contacts | JCC Home

Last Update on 23 September 2017
Copyright @ 2017-2020 JCC Rouf Library
Rouf Library, Jhenidah Cadet College (JCC), Bangladesh